| 000 | 00736nam a22002417a 4500 | ||
|---|---|---|---|
| 003 | BD-DhJNU | ||
| 005 | 20251118054450.0 | ||
| 008 | 251118b |||||||| |||| 00| 0 eng d | ||
| 020 | _a9788120816305 | ||
| 040 |
_aBD-DhJNU _bENG _cBD-DhJNU _dBD-DhJNU |
||
| 082 |
_223 _a709.54 ZIA |
||
| 100 | _aZimmer, Heinrich | ||
| 245 |
_aThe art of Indian Asia : _bits mythology and transformations / _cHeinrich Zimmer ; edited by Joseph Campbell |
||
| 260 |
_aNew York : _bPantheon Books, _c2015. |
||
| 300 |
_axix,465p. : _bill. ; _c29 cm. |
||
| 490 | _vvol. 1 & 2 | ||
| 504 | _aIncludes indexes | ||
| 650 | _aArts India | ||
| 650 | _aAsian Arts | ||
| 650 | _aIndian Arts | ||
| 700 |
_aCampbell, Joseph _eeditor |
||
| 942 |
_2ddc _cBK _n0 |
||
| 999 |
_c2383 _d2383 |
||